000 00458nam a22001697a 4500
999 _c1950
_d1950
003 SLTCLib
008 260119b ce ||||| |||| 00| 0 eng d
041 _aEnglish
082 _a515.3
_bCOM
100 _aCombellack, Wilfred J.
_93477
245 _aIntroduction to Elementary Functions
260 _aNew York
_bJohn Wiley and Sons
_c1962
300 _a343p.
650 0 _93476
_aElementary Functions
650 0 _92712
_a Algebras, Linear
942 _2ddc
_cMLN
945 _a3725
_bIshara wickramage
_c3725
_dIshara wickramage